[Event "Cerdanyola del Valles op 28th"]
[Site "Cerdanyola del Valles"]
[Date "2010.10.30"]
[Round "5"]
[White "Jabli, Mohamed"]
[Black "Rojano Alfonso, Carlos"]
[Result "1-0"]
[WhiteElo "2010"]
[BlackElo "1952"]
[PlyCount "71"]
[EventDate "2010.10.02"]
[EventType "swiss"]
[EventRounds "7"]
[EventCountry "ESP"]
[SourceTitle "EXT 2012"]
[Source "ChessBase"]
[SourceDate "2011.11.24"]
[SourceVersion "1"]
[SourceVersionDate "2011.11.24"]
[SourceQuality "1"]

1. e4 e5 2. Nf3 Nc6 3. d4 exd4 4. Bc4 Nf6 5. e5 d5 6. Bb5 Ne4 7. Nxd4 Bc5 8. 0-0 Bd7 9. Bxc6 bxc6 10. c3 0-0 11. Qh5 f6 12. exf6 Qxf6 13. Be3 Nd6 14. Nd2 Nf7 15. Ne4 dxe4 16. Qxc5 Ne5 17. Ne2 Qd6 18. Ng3 Bf5 19. Rfd1 Qe6 20. Rd4 Rfe8 21. Rad1 Bg4 22. R1d2 Qxa2 23. h3 Qb1+ 24. Kh2 Bf3 25. Bf4 Nd3 26. Qc4+ Kh8 27. R4xd3 exd3 28. gxf3 Rf8 29. Be5 Qe1 30. Bf4 Rad8 31. Kg2 Qe7 32. Be3 Qd7 33. Bg5 Qd5 34. Qg4 Rde8 35. Nh5 Re2 36. Bf6 1-0

[Event "Cerdanyola del Valles op 28th"]
[Site "Cerdanyola del Valles"]
[Date "2010.10.23"]
[Round "4"]
[White "Ventura Bolet, Maxim"]
[Black "Jabli, Mohamed"]
[Result "1/2-1/2"]
[WhiteElo "1845"]
[BlackElo "2010"]
[PlyCount "43"]
[EventDate "2010.10.02"]
[EventType "swiss"]
[EventRounds "7"]
[EventCountry "ESP"]
[SourceTitle "EXT 2012"]
[Source "ChessBase"]
[SourceDate "2011.11.24"]
[SourceVersion "1"]
[SourceVersionDate "2011.11.24"]
[SourceQuality "1"]

1. c4 e5 2. g3 f5 3. Bg2 Nc6 4. Nc3 Nf6 5. e3 Be7 6. Nge2 Nb4 7. d4 e4 8. 0-0 0-0 9. a3 Nd3 10. Bd2 c6 11. c5 d5 12. cxd6 Qxd6 13. f3 Be6 14. fxe4 fxe4 15. Qc2 Bd5 16. Nxe4 Nxe4 17. Qxd3 Nxd2 18. Qxd2 Bxg2 19. Kxg2 Qd5+ 20. Kg1 Bg5 21. Nf4 Qe4 22. Rae1 1/2-1/2

[Event "Cerdanyola del Valles op 28th"]
[Site "Cerdanyola del Valles"]
[Date "2010.10.02"]
[Round "1"]
[White "Jabli, Mohamed"]
[Black "Garcia Castany Musellas, Gal La"]
[Result "1-0"]
[WhiteElo "2010"]
[BlackElo "1768"]
[PlyCount "21"]
[EventDate "2010.10.02"]
[EventType "swiss"]
[EventRounds "7"]
[EventCountry "ESP"]
[SourceTitle "EXT 2012"]
[Source "ChessBase"]
[SourceDate "2011.11.24"]
[SourceVersion "1"]
[SourceVersionDate "2011.11.24"]
[SourceQuality "1"]

1. e4 e5 2. f4 exf4 3. Nf3 d6 4. Bc4 g5 5. 0-0 Nc6 6. d4 Bg7 7. c3 h6 8. g3 fxg3 9. Bxf7+ Kxf7 10. Ne5+ Ke8 11. Qh5+ 1-0

[Event "Catalunya-chT Honor"]
[Site "Catalunya"]
[Date "2009.03.29"]
[Round "9"]
[White "Jabli, Mohamed"]
[Black "Ibanez Tarradellas, Eduardo"]
[Result "0-1"]
[WhiteElo "1944"]
[BlackElo "2258"]
[PlyCount "44"]
[EventDate "2009.02.01"]
[EventType "team-tourn"]
[EventRounds "9"]
[EventCountry "ESP"]
[SourceTitle "EXT 2019"]
[Source "ChessBase"]
[SourceDate "2018.10.10"]
[SourceVersion "1"]
[SourceVersionDate "2018.10.10"]
[SourceQuality "1"]
[WhiteTeam "Terrassa"]
[BlackTeam "Barcelona UGA"]
[WhiteTeamCountry "ESP"]
[BlackTeamCountry "ESP"]

1. e4 d5 2. exd5 Qxd5 3. Nc3 Qa5 4. d4 Nf6 5. Bd2 Bg4 6. f3 Bf5 7. g4 Bg6 8. Ne4 Qb6 9. Nxf6+ gxf6 10. Bc3 Nc6 11. Qd2 0-0-0 12. 0-0-0 h5 13. Bh3 hxg4 14. Bxg4+ f5 15. Bh3 Bh6 16. f4 e5 17. Ne2 Nxd4 18. Bxd4 Rxd4 19. Qc3 Re4 20. Kb1 Qe3 21. Qa5 Qxe2 22. Qxa7 Qa6 0-1